000 00469nam a2200193Ia 4500
008 151119s9999||||xx |||||||||||||| ||und||
082 _a294.53
082 _bGKKV23090
100 _aACHARYA SHRIRAM
245 _aGAYATRI WORSHIP EASY FOR ALL
260 _a--
260 _b--
260 _c0
600 _aACHARYA SHRIRAM
630 _aGAYATRI WORSHIP EASY FOR ALL
700 _aACHARYA SHRIRAM
730 _aGAYATRI WORSHIP EASY FOR ALL
942 _cBOOK
999 _c1075772
_d1075769